What about this: (Record no. 14171)

000 -LEADER
fixed length control field 00644nam a2200241 a 4500
001 - CONTROL NUMBER
control field :::00011995$&:&@@
003 - CONTROL NUMBER IDENTIFIER
control field OkBaRHE
005 - DATE AND TIME OF LATEST TRANSACTION
control field 20000607103414.0
008 - FIXED-LENGTH DATA ELEMENTS--GENERAL INFORMATION
fixed length control field j 000 0 eng u
040 ## - CATALOGING SOURCE
Transcribing agency
100 1# - MAIN ENTRY--PERSONAL NAME
Personal name Kerr, Mal.
245 10 - TITLE STATEMENT
Title What about this:
Remainder of title vol. 3.
260 ## - PUBLICATION, DISTRIBUTION, ETC. (IMPRINT)
Place of publication, distribution, etc Pottsville, PA., :
Name of publisher, distributor, etc Mal Kerr
Date of publication, distribution, etc nd
300 ## - PHYSICAL DESCRIPTION
Extent 32 p. ;
Dimensions 20 cm.
650 ## - SUBJECT ADDED ENTRY--TOPICAL TERM
Topical term or geographic name as entry element Faith
650 ## - SUBJECT ADDED ENTRY--TOPICAL TERM
Topical term or geographic name as entry element Faith Cure
650 ## - SUBJECT ADDED ENTRY--TOPICAL TERM
Topical term or geographic name as entry element Future Life
650 ## - SUBJECT ADDED ENTRY--TOPICAL TERM
Topical term or geographic name as entry element Prayer
650 ## - SUBJECT ADDED ENTRY--TOPICAL TERM
Topical term or geographic name as entry element Soul
650 ## - SUBJECT ADDED ENTRY--TOPICAL TERM
Topical term or geographic name as entry element Theology
General subdivision Doctrinal
942 ## - ADDED ENTRY ELEMENTS (KOHA)
Source of classification or shelving scheme
Koha item type Books
Copies
Full call number Date acquired Lost status Source of classification or shelving scheme Shelving location Koha item type Damaged status Not for loan Barcode Withdrawn status Permanent Location Date last seen Price effective from Copy number
BX 8764 .K4W52010-04-14  General StacksBooks  11995 RHEMA Bible Training College2010-04-142010-04-141